LEADER 01363nam a2200313 i 4500 001 000000067081 003 CaOOAMICUS 005 20041005000000.0 008 041005s1995 it u000 u ita u 013 $a38253 020 $a88-86187-17-3 040 $aSeMil$bita 100 1 $aCallot, Jacques,$d<1592-1635>.$0(OLS)http://semarc/name/33610 245 13$aIl libro dei santi /$cJacques Callot ; prefazione di Carlo Cremona ; Cesare Biasini Selvaggi. 260 $aManduria (TA) :$bBarbieri,$ccopyr. 1995. 300 $a287 p. :$briccamente ill. ;$c22x24 cm. 490 0 $aCataloghi ;$v7 500 $aContiene : Bibliografia. - Dono di Mons. Antonio Rimoldi. 650 4$aImmagini sacre.$0(OLS)http://semarc/subject/6118 650 4$aAgiografia.$0(OLS)http://semarc/subject/327 700 1 $aBiasini Selvaggi, Cesare <1977->.$0(OLS)http://semarc/name/33611 700 1 $aCremona, Carlo.$0(OLS)http://semarc/name/22368 830 0$aCataloghi ;$v7.$0(OLS)http://semarc/title/11587 850 $aSeMil 852 $aSeMil$W1$xVenegono$y1$m5H XVI 120$j33234$B33234$CSeMilBibl$Z2$F33237 $81 961 $aOmaggio: Rimoldi mons. Antonio 996 $6020$a88-86187-17-3$9(OLS)http://semarc/number/44896 996 $6245$aIl libro dei santi$9(OLS)http://semarc/title/106844 996 $6260$aManduria (TA) :$bBarbieri$9(OLS)http://semarc/publisher/31131 LEADER 01537nam a2200349 4500 001 000000365989 003 CaOOAMICUS 005 20260113122127.0 008 260112s2025 it 000 u ita r 020 $a978-88-315-0474-4 040 $aSeMil$bita 100 0 $aIoannes Paulus II,$c.$0(OLS)http://semarc/name/646 240 10$aDominum et vivificantem.$0(OLS)http://semarc/title/434959 245 10$aDominum et vivificantem :$blettera enciclica sullo Spirito Santo nella vita della Chiesa e del mondo /$cGiovanni Paolo 2. 250 $a10. ed. 264 1$aMilano :$bPaoline,$c2025. 300 $a135 p. ;$c17 cm 490 1 $aMagistero ;$v117 650 4$aGiovanni Paolo II - Encicliche . Dominum et vivificantem.$0(OLS)http://semarc/subject/11893 830 0$aMagistero ;$v117.$0(OLS)http://semarc/title/6475 850 $aSeMil 852 $aSeMil$W1$xVenegono$y1$m2A I 434$j266025$B256779$CSeMilBibl$Z2$F256779 $81 900 1 $aWojtyla, Karol,$d<1920-2005>. 900 0 $aGiovanni Paolo II$c. 941 1 $a7 961 $aOmaggio mons. Mario Delpini 996 $6020$a978-88-315-0474-4$9(OLS)http://semarc/number/305076 996 $6245$aDominum et vivificantem :$blettera enciclica sullo Spirito Santo nella vita della Chiesa e del mondo$9(OLS)http://semarc/title/457682 996 $6264$aMilano :$bPaoline$9(OLS)http://semarc/publisher/29684